FIFA 19 Top 10 Strikers - Statistics

General Stats
  • This quiz has been taken 1,270 times
  • The average score is 8 of 10
Answer Stats
Rank Player OVA % Correct
2 Cristiano Ronaldo 94
100%
1 Lionel Messi 94
98%
4 Robert Lewandowski 90
89%
3 Luis Suarez 91
88%
8 Sergio Agüero 89
80%
5 Harry Kane 89
76%
6 Antoine Griezmann 89
66%
7 Edinson Cavani 89
64%
9 Gonzalo Higuain 88
55%
10 Mauro Icardi 87
36%
No matching quizzes found
Score Distribution
Percent of People with Each Score
Percentile by Number Answered
Your Score History
You have not taken this quiz